Human rights and democracy in international relations (Record no. 6742)

MARC details
000 -BAŞLIK
Sabit Uzunlukta Kontrol Alanı 00826na a2200265 4500
001 - KONTROL NUMARASI
Denetim Alanı 15575
003 - KONTROL NUMARASI IDENTIFIER
Denetim Alanı MIRAKIL
005 - SON İŞLEM TARİHİ VE ZAMANI
Denetim Alanı 20181213155117.0
008 - SABİT-BOY VERİ ELEMANLARI - GENEL BİLGİLER
Sabit Uzunlukta Kontrol Alanı 160917b tu 000 0
020 ## - ULUSLARARASI STANDART KİTAP NUMARASI
Uluslararası Standart Kitap Numarası 9781844267482
035 ## - SİSTEM KONTROL NUMARASI
Sistem Kontrol Numarası 15575
040 ## - KATALOGLAMA KAYNAK
Orijinal Kataloglama Ajansı Milas
Kataloglama Dili tur
Metne Dönüştürmek Ajansı TR-AnCHP
041 ## - DİL KODU
Metin / Ses Parça Veya Ayrı Başlığın Dil Kodu eng
082 ## - DEWEY ONLU SINIFLANDIRMA NUMARASI
Sınıflandırma Numarası 327.56104
Ürün Numarası S25h [2010]
090 ## - SINIFLAMA NUMARASI
Sınıflama Numarası 327.56104 S25h [2010]
100 ## - ANA GİRİŞ - KİŞİSEL İSİM
Kişisel Ad Sanverdi, Ahmet
245 ## - BAŞLIK TABLOSU
Başlık Human rights and democracy in international relations
Başlığın Kalan Turkey and the EC 1980-1990
Sorumluluk Tablosu, Vb Ahmet Sanverdi
246 ## - UNVAN FORM VARYING
Başlık Doğru / Kısa Başlığı Turkey and the EC 1980-1990
260 ## - YAYIN, DAĞITIM, VB
Yayın, Dağıtım, Vb Yeri Londra
Yayıncı, Dağıtıcı, Vs Adı [yayl.y.]
Yayın, Dağıtım, Vb Tarihi [2010]
300 ## - FİZİKSEL TANIM
Kapsam 168 s.
Boyutlar 21 sm.
504 ## - KAYNAKÇA VB NOT
Kaynakça Vb Notu Kaynakça var
651 ## - KONU KATMA GİRİŞ - COĞRAFİ ADI
Coğrafi İsim Türkiye
Genel Alt Bölümü Dış ilişkiler
Kronolojik Alt Bölümü Avrupa Birliği
Coğrafi Alt Bölümü İnsan hakları
651 ## - KONU KATMA GİRİŞ - COĞRAFİ ADI
Coğrafi İsim Türkiye
Genel Alt Bölümü Dış ilişkiler
Kronolojik Alt Bölümü Avrupa Birliği
Coğrafi Alt Bölümü Demokrasi
942 ## - EKLENDİ GİRİŞ ELEMANLARI (KOHA)
Sınıflandırma Veya Raf Düzeni Kaynak Dewey Decimal Classification
Koha Öğesi Türü Books
999 ## - SİSTEM KONTROL NUMARALARI (KOHA)
Koha Biblionumber 6742
Koha Biblioitemnumber 6742
Holdings
Kalıcı Konum Mevcut Konum Edinme Tarihi Edinim Kaynak Toplam Check-Out'Lar Tam Çağrı Numarası Barkod Tarih Son Görülme İtibaren Geçerli Fiyatlar Koha Öğesi Türü
CHP Kütüphanesi CHP Kütüphanesi 09/17/2016 Bağış   327.56104 S25h [2010] 003921 09/17/2016 09/17/2016 Books